| 000 | 00000nam 2200000za 4500 |
| 001 | 9.844567 |
| 003 | CaOODSP |
| 005 | 20221107152755 |
| 007 | cr ||||||||||| |
| 008 | 170926s2017 quc o f000 0 eng d |
| 040 | |aCaOODSP|beng |
| 043 | |an-cn--- |
| 086 | 1 |aP29-133-1-2017E-PDF |
| 245 | 00|aSecurity officers and security officer supervisors |h[electronic resource]. |
| 260 | |aGatineau, Quebec : |bCanadian General Standards Board, |cc2017. |
| 300 | |ai, 40 p. |
| 490 | 1 |aNational standard of Canada ; |vno. 133.1-2017 |
| 500 | |a"Published September 2017." |
| 500 | |a"Experience and excellence"--Cover. |
| 500 | |aSupersedes CAN/CGSB-133.1-2008 |
| 500 | |aIssued also in French under title: Agents de sécurité et superviseurs des agents de sécurité. |
| 520 | |a"This standard sets out minimum requirements to be used when selecting uniformed security officers and supervisors to protect people, property and information. It provides a “Security Officers Basic (Pre-assignment) Training Program” (see Annex A), a “Security Officer Supervisors (Pre-assignment) Training Program” (see Annex B) and “Performance Guidelines for Suppliers of Training for Security Officers an Supervisors” (see Annex C)."--Scope, p.1. |
| 692 | 07|2gccst|aSecurity |
| 692 | 07|2gccst|aTraining |
| 692 | 07|2gccst|aStandards |
| 710 | 2 |aStandards Council of Canada. |
| 710 | 2 |aCanadian General Standards Board. |
| 775 | 08|tAgents de sécurité et superviseurs des agents de sécurité |w(CaOODSP)9.844568 |
| 794 | |tSecurity officers and security officer supervisors.|b2022|w(CaOODSP)9.915802 |
| 795 | |tSecurity officers and security officer supervisors |b2008|w(CaOODSP)9.840515 |
| 830 | #0|aNational standard of Canada ;|vno. 133.1-2017|w(CaOODSP)9.507848 |
| 856 | 40|qPDF|s683 KB|uhttps://publications.gc.ca/collections/collection_2017/ongc-cgsb/P29-133-1-2017-eng.pdf |
| 986 | |aICS 13.310 |